[Event "European Blitz 2015"]
[Site "Minsk BLR"]
[Date "2015.12.18"]
[Round "12.5"]
[White "Jobava, Baadur"]
[Black "Rakhmanov, Aleksandr"]
[Result "0-1"]
[WhiteTitle "GM"]
[BlackTitle "GM"]
[WhiteElo "2673"]
[BlackElo "2640"]
[WhiteFideId "13601520"]
[BlackFideId "4173708"]
[EventDate "2015.12.18"]
[EventType "swiss (blitz)"]

1. d4 Nf6 2. Nc3 d5 3. Bf4 e6 4. e3 Bd6 5. Nf3 a6 6. Bd3 h6 7. O-O c5 8. dxc5
Bxc5 9. e4 dxe4 10. Nxe4 Nxe4 11. Bxe4 Qxd1 12. Rfxd1 Nd7 13. c4 g5 14. Bd2 a5
15. a3 g4 16. Bc3 Rg8 17. Nd4 Ke7 18. b4 axb4 19. axb4 Rxa1 20. Rxa1 Nf6 21.
Bxb7 Bxd4 22. Bxd4 Bxb7 23. Ra7 Rd8 24. Bc5+ Ke8 25. h4 g3 26. fxg3 Ng4 27. Kf1
Rd1+ 28. Ke2 Rd7 29. Bb6 Bxg2 30. Bc7 Rd4 31. c5 Rxb4 32. Bd6 Rb2+ 33. Kd3 Bd5
34. Re7+ Kd8 35. Rxf7 Nf2+ 36. Kd4 Rb4+ 37. Kc3 Rc4+ 38. Kd2 Ne4+ 39. Ke3 Nxd6
40. cxd6 Rg4 41. Kf2 Rg6 42. Rh7 Rf6+ 43. Ke3 e5 44. d7 Bf7 45. g4 Be6 46. Ke4
Bxg4 47. Kxe5 Re6+ 48. Kf4 h5 49. Kg5 Rd6 0-1

[Event "European Blitz 2015"]
[Site "Minsk BLR"]
[Date "2015.12.18"]
[Round "12.6"]
[White "Movsesian, Sergei"]
[Black "Inarkiev, Ernesto"]
[Result "1-0"]
[WhiteTitle "GM"]
[BlackTitle "GM"]
[WhiteElo "2659"]
[BlackElo "2668"]
[WhiteFideId "310204"]
[BlackFideId "4162722"]
[EventDate "2015.12.18"]
[EventType "swiss (blitz)"]

1. Nf3 d5 2. g3 Nf6 3. Bg2 g6 4. O-O Bg7 5. d4 O-O 6. c4 c6 7. Qa4 Nbd7 8. cxd5
Nb6 9. Qb3 Qxd5 10. Qa3 Qd6 11. Qa5 Nbd5 12. Nc3 Bf5 13. Ne5 Rfd8 14. Nxd5 cxd5
15. Bf4 Qb6 16. Qxb6 axb6 17. Rfc1 Rdc8 18. a3 Ne4 19. g4 Be6 20. h3 Nd6 21. Bd2
Kf8 22. e3 Bxe5 23. dxe5 Ne4 24. Be1 Nc5 25. Bf1 Nb3 26. Rxc8+ Rxc8 27. Rd1 f6
28. exf6 exf6 29. Bc3 Kf7 30. Bg2 Rd8 31. Kf1 Rd7 32. Ke1 Nc5 33. Bd4 Rd6 34.
Bf1 Nb3 35. Bc3 Rc6 36. Bb5 Rc7 37. f3 Ke7 38. Ke2 Kf7 39. Bd3 Nc5 40. Bb1 Nb3
41. h4 Rc6 42. h5 Rd6 43. Bc2 Nc5 44. Rh1 f5 45. hxg6+ hxg6 46. Rh7+ Kf8 47. g5
Bf7 48. Bf6 b5 49. Rh8+ Bg8 50. Rh1 Nd7 51. Bd4 Ke7 52. Bd3 b4 53. axb4 Rc6 54.
b5 Rc8 55. Ra1 Nc5 56. Rc1 b6 57. b4 1-0

[Event "European Blitz 2015"]
[Site "Minsk BLR"]
[Date "2015.12.18"]
[Round "12.10"]
[White "Razin, Vadim"]
[Black "Ragger, Markus"]
[Result "0-1"]
[BlackTitle "GM"]
[WhiteElo "2345"]
[BlackElo "2687"]
[WhiteFideId "14119463"]
[BlackFideId "1610856"]
[EventDate "2015.12.18"]
[EventType "swiss (blitz)"]

1. d4 d5 2. Nf3 Nf6 3. c4 c6 4. Nc3 dxc4 5. a4 Bf5 6. e3 e6 7. Bxc4 Bb4 8. O-O
O-O 9. Qe2 Bg6 10. Bd2 Nbd7 11. Rfd1 a5 12. Rac1 Qe7 13. Bd3 Bxd3 14. Qxd3 Rfd8
15. Qc2 h6 16. Ne2 Rac8 17. Ng3 Nb6 18. Ne5 Bxd2 19. Rxd2 Nfd5 20. Ne4 Nb4 21.
Qd1 Nd7 22. Nc4 Ra8 23. Ne5 Nxe5 24. dxe5 Rd5 25. f4 Rad8 26. Nd6 f6 27. Rxd5
Nxd5 28. Qd4 fxe5 29. fxe5 Qg5 30. Nxb7 Rd7 31. Nc5 Nxe3 32. Qe4 Rd2 33. Nxe6
Qxg2+ 34. Qxg2 Rxg2+ 35. Kh1 Rxb2 36. Nd8 c5 37. e6 Kf8 38. Nc6 c4 39. h3 Rb6
40. Nxa5 Ke7 41. Rc3 Rb1+ 42. Kh2 Rb2+ 43. Kh1 Rb1+ 44. Kh2 Rb2+ 45. Kh1 Nd5 46.
Rxc4 Kxe6 47. Re4+ Kf6 48. Nc4 Ra2 49. Nd6 g5 50. Rd4 Ne3 51. Nb7 Nf5 52. Rb4 h5
53. a5 Ng3+ 54. Kg1 g4 55. hxg4 h4 56. Rb3 Kg5 57. Nd6 Kxg4 58. Nc4 Kh3 59. Ne3
Rxa5 60. Rb1 Ra2 61. Rc1 Re2 0-1

[Event "European Blitz 2015"]
[Site "Minsk BLR"]
[Date "2015.12.18"]
[Round "12.11"]
[White "Bortnyk, Mykola"]
[Black "Matinian, Nikita"]
[Result "1-0"]
[WhiteTitle "IM"]
[BlackTitle "IM"]
[WhiteElo "2416"]
[BlackElo "2470"]
[WhiteFideId "14120836"]
[BlackFideId "24129100"]
[EventDate "2015.12.18"]
[EventType "swiss (blitz)"]

1. e4 c5 2. c3 d5 3. exd5 Qxd5 4. d4 e6 5. Be3 Nf6 6. Nf3 cxd4 7. cxd4 Nc6 8.
Nc3 Bb4 9. Bd3 O-O 10. O-O Qd8 11. Qe2 a6 12. Rac1 Re8 13. Rfd1 Nd5 14. Bg5 Be7
15. Ne4 Bxg5 16. Nexg5 h6 17. Bh7+ Kf8 18. Nxf7 Kxf7 19. Ne5+ Nxe5 20. dxe5 Qg5
21. Qf3+ Qf4 22. Rc7+ Kf8 23. Qa3+ Ne7 24. Rd3 Qxe5 25. Rf3+ 1-0

[Event "European Blitz 2015"]
[Site "Minsk BLR"]
[Date "2015.12.18"]
[Round "12.12"]
[White "Aleksandrov, Aleksej"]
[Black "Navara, David"]
[Result "0-1"]
[WhiteTitle "GM"]
[BlackTitle "GM"]
[WhiteElo "2615"]
[BlackElo "2730"]
[WhiteFideId "13500139"]
[BlackFideId "309095"]
[EventDate "2015.12.18"]
[EventType "swiss (blitz)"]

1. d4 Nf6 2. c4 e6 3. Nc3 Bb4 4. e3 O-O 5. Ne2 d5 6. a3 Bd6 7. Ng3 c6 8. Qc2 e5
9. dxe5 Bxe5 10. Bd3 Be6 11. cxd5 cxd5 12. O-O Nc6 13. Bf5 Rc8 14. Bd2 Qd7 15.
Bxe6 fxe6 16. Rad1 Na5 17. Bc1 Nc4 18. Qb3 Qc6 19. Nce2 a6 20. Nd4 Qd7 21. Nf3
Bb8 22. Qa2 Bxg3 23. hxg3 Ne4 24. Nd2 Ncxd2 25. Bxd2 Rc2 26. Be1 Nxg3 27. Qb3
Ne2+ 28. Kh2 Rf6 29. g4 Qc7+ 30. Kg2 Qg3+ 31. fxg3 Nf4+ 0-1

[Event "European Blitz 2015"]
[Site "Minsk BLR"]
[Date "2015.12.18"]
[Round "12.13"]
[White "Belyakov, Bogdan"]
[Black "Smirin, Ilia"]
[Result "0-1"]
[WhiteTitle "IM"]
[BlackTitle "GM"]
[WhiteElo "2511"]
[BlackElo "2658"]
[WhiteFideId "24104795"]
[BlackFideId "2801990"]
[EventDate "2015.12.18"]
[EventType "swiss (blitz)"]

1. e4 g6 2. d4 Bg7 3. Nc3 d6 4. Nf3 Nf6 5. h3 O-O 6. Bf4 Nc6 7. Qd2 e5 8. dxe5
dxe5 9. Qxd8 Rxd8 10. Nxe5 Nxe5 11. Bxe5 Re8 12. Bxf6 Bxf6 13. f3 c6 14. O-O-O
Be6 15. a3 b5 16. Bd3 a5 17. f4 b4 18. e5 Bxe5 19. fxe5 bxc3 20. bxc3 Bd5 21. c4
Bxg2 22. Rh2 Bf3 23. Rf1 Bh5 24. Rhf2 Ra7 25. Rf6 Rxe5 26. Rxc6 Kg7 27. c5 Be2
28. Re1 Bf3 29. Rxe5 Bxc6 30. h4 Kf6 31. Re1 Re7 32. Rf1+ Kg7 33. Bc4 f5 34. Rd1
Re5 35. Rd6 Rxc5 36. Bd3 f4 37. Kd2 Bb5 38. Be4 Re5 39. Bd5 Re2+ 40. Kd1 Rh2 41.
c4 Ba4+ 42. Ke1 Rxh4 43. Kf2 g5 44. c5 Rh2+ 45. Kf3 Rc2 46. c6 h5 47. Ke4 Rc5
48. Kd4 Rc1 49. Ke5 h4 50. Kf5 h3 51. Kxg5 h2 52. Kxf4 h1=Q 53. Bxh1 Rxh1 54.
Ke5 Rc1 55. Kd5 Bb3+ 56. Ke5 a4 57. Rd7+ Kg6 58. c7 Bf7 59. Kd6 Kf6 60. Rxf7+
Kxf7 61. Kd7 Rd1+ 62. Kc6 Rc1+ 63. Kb7 Ke6 64. c8=Q+ Rxc8 65. Kxc8 Kd5 66. Kd7
Kc4 0-1

[Event "European Blitz 2015"]
[Site "Minsk BLR"]
[Date "2015.12.18"]
[Round "12.15"]
[White "Ponkratov, Pavel"]
[Black "Milov, Vadim"]
[Result "1-0"]
[WhiteTitle "GM"]
[BlackTitle "GM"]
[WhiteElo "2604"]
[BlackElo "2615"]
[WhiteFideId "4157800"]
[BlackFideId "1304364"]
[EventDate "2015.12.18"]
[EventType "swiss (blitz)"]

1. d4 Nf6 2. Bg5 d5 3. Nd2 c5 4. dxc5 e6 5. Nb3 Bxc5 6. Nxc5 Qa5+ 7. c3 Qxc5 8.
Qd4 Qxd4 9. cxd4 b6 10. e3 Ba6 11. Rc1 Bxf1 12. Kxf1 Kd7 13. Bxf6 gxf6 14. Ne2
Nc6 15. Nf4 Rhc8 16. Ke2 Na5 17. Nh5 Ke7 18. g4 Nc4 19. b3 Nd6 20. f3 a5 21.
Rxc8 Rxc8 22. Kd2 b5 23. h4 h6 24. Nf4 b4 25. Nd3 Nb5 26. Ra1 Rc7 27. Nc5 Rc8
28. Rg1 e5 29. Kd3 Rg8 30. Rc1 Rc8 31. Rf1 Nd6 32. Rf2 Nb5 33. Rc2 Nd6 34. g5
e4+ 35. fxe4 dxe4+ 36. Kd2 fxg5 37. hxg5 hxg5 38. Ke1 Nf5 39. Re2 Nd6 40. Rg2
Rg8 41. Rh2 g4 42. Rh5 g3 43. Kf1 f5 44. Kg2 Rg6 45. Rh7+ Kf6 46. Nd7+ Ke6 47.
Nf8+ Kf6 48. Nxg6 Kxg6 49. Rd7 Nf7 50. Kxg3 1-0

[Event "European Blitz 2015"]
[Site "Minsk BLR"]
[Date "2015.12.18"]
[Round "12.16"]
[White "Zubov, Alexander"]
[Black "Kryakvin, Dmitry"]
[Result "1-0"]
[WhiteTitle "GM"]
[BlackTitle "GM"]
[WhiteElo "2601"]
[BlackElo "2529"]
[WhiteFideId "14109409"]
[BlackFideId "4153278"]
[EventDate "2015.12.18"]
[EventType "swiss (blitz)"]

1. d4 Nf6 2. c4 g6 3. Nc3 Bg7 4. e4 d6 5. Be2 O-O 6. Bg5 c5 7. d5 e6 8. Nf3 exd5
9. exd5 Qb6 10. Qc1 Re8 11. O-O Na6 12. Bd3 Nb4 13. Bb1 Bg4 14. Nd2 Be2 15. Nxe2
Rxe2 16. a3 Na6 17. Bd3 Ree8 18. Rb1 Qc7 19. Qc2 Qd7 20. h3 Nc7 21. b4 b6 22.
Nf3 h6 23. Bd2 Re7 24. bxc5 dxc5 25. a4 Nfe8 26. a5 Rb8 27. axb6 axb6 28. Be3
Na6 29. Bd2 Nd6 30. Rb3 Qc7 31. Rfb1 Nb4 32. Bxb4 cxb4 33. Rxb4 Qc5 34. Qb3 Reb7
35. Bf1 Ne4 36. Qc2 Nd6 37. g3 Rc7 38. Qd3 Ra7 39. Qb3 Ne4 40. Qc2 Nc3 41. R1b2
Ra5 42. R4b3 Na4 43. Ra2 Rba8 44. Kg2 Qd6 45. h4 Nc5 46. Rxa5 bxa5 47. Ra3 a4
48. h5 g5 49. Nd2 Qb6 50. Qb1 Qb2 51. Ra2 Qd4 52. Qc2 a3 53. Nb1 Qe4+ 54. Qxe4
Nxe4 55. Rxa3 Rb8 56. Re3 Nc5 57. Nd2 Bd4 58. Re2 Rb4 59. Nf3 Bf6 60. Rd2 g4 61.
Nh2 Bc3 62. Rc2 Rb3 63. Nxg4 Kg7 64. Ne3 Kf6 65. Be2 Ne4 66. Bf3 Nc5 67. Be2 Ne4
68. Ng4+ Kg7 69. Bf3 Nc5 70. Re2 f5 71. Ne3 Kf6 72. d6 Ke6 73. Bd5+ Kxd6 74.
Nxf5+ Kc7 75. Nxh6 Nd3 76. Nf5 Ne1+ 77. Kh3 Rb1 78. h6 Nd3 79. h7 Rh1+ 80. Bxh1 1-0

[Event "European Blitz 2015"]
[Site "Minsk BLR"]
[Date "2015.12.18"]
[Round "12.17"]
[White "Pogosian, Manvel"]
[Black "Belous, Vladimir"]
[Result "0-1"]
[BlackTitle "GM"]
[WhiteElo "2382"]
[BlackElo "2557"]
[WhiteFideId "13503936"]
[BlackFideId "4174003"]
[EventDate "2015.12.18"]
[EventType "swiss (blitz)"]

1. d4 Nf6 2. Nf3 g6 3. g3 Bg7 4. Bg2 O-O 5. O-O d6 6. c4 Nbd7 7. Nc3 e5 8. e4
Re8 9. h3 exd4 10. Nxd4 Nc5 11. Re1 a5 12. Qc2 a4 13. Be3 c6 14. Rad1 Qa5 15. f4
Qb4 16. a3 Qa5 17. Bf2 Bd7 18. Nf3 Be6 19. Rxd6 Bf8 20. Rd2 Bxc4 21. e5 Nd5 22.
Nxd5 Bxd5 23. Ng5 Rad8 24. Bxd5 Rxd5 25. Rxd5 cxd5 26. Rd1 Nb3 27. Qd3 Rd8 28.
e6 f6 29. Ne4 Be7 30. Nc3 d4 31. Ne4 Qd5 32. Re1 Kg7 33. g4 Rc8 34. f5 b5 35.
Ng3 b4 36. axb4 Bxb4 37. Rd1 Be7 38. Re1 Bb4 39. Rd1 Be7 40. Re1 Rc7 41. Kh2 Bb4
42. Re2 Nc1 43. Qd1 Nxe2 44. Qxe2 d3 45. Qd1 d2 46. g5 fxg5 47. Be3 Rc1 48. f6+
Kxf6 0-1

[Event "European Blitz 2015"]
[Site "Minsk BLR"]
[Date "2015.12.18"]
[Round "12.18"]
[White "Popov, Valerij"]
[Black "Kashtanov, Ruslan"]
[Result "0-1"]
[WhiteTitle "GM"]
[BlackTitle "IM"]
[WhiteElo "2528"]
[BlackElo "2346"]
[WhiteFideId "4119410"]
[BlackFideId "4124871"]
[EventDate "2015.12.18"]
[EventType "swiss (blitz)"]

1. d4 Nf6 2. Bf4 c5 3. e3 cxd4 4. exd4 g6 5. c3 Bg7 6. Nf3 O-O 7. Bd3 d6 8. O-O
Nc6 9. Re1 Nh5 10. Bg5 h6 11. Bh4 Re8 12. Nbd2 Nf4 13. Bc4 Bf5 14. Bg3 e5 15.
Bxf4 exf4 16. Qb3 Qc7 17. Bd5 g5 18. h3 Bf6 19. Nc4 Kg7 20. Qa3 Red8 21. Ncd2 h5
22. Be4 Bd7 23. Nh2 g4 24. hxg4 hxg4 25. Qb3 Rh8 26. Qd1 Qc8 27. Nc4 Rh4 28. g3
Rxh2 29. Kxh2 Qh8+ 30. Kg1 f3 31. Nxd6 Qh5 32. Bxf3 gxf3 33. Re3 Bg4 34. Ne8+
Kg6 35. Qd3+ Bf5 0-1

[Event "European Blitz 2015"]
[Site "Minsk BLR"]
[Date "2015.12.18"]
[Round "12.19"]
[White "Konenkin, Dmitry"]
[Black "Dzhumagaliev, Yan"]
[Result "1/2-1/2"]
[WhiteTitle "FM"]
[BlackTitle "FM"]
[WhiteElo "2243"]
[BlackElo "2400"]
[WhiteFideId "4185781"]
[BlackFideId "24100110"]
[EventDate "2015.12.18"]
[EventType "swiss (blitz)"]

1. d4 Nf6 2. Bg5 Ne4 3. Bh4 c5 4. f3 Qa5+ 5. c3 Nd6 6. dxc5 Qxc5 7. Bf2 Qc7 8.
e4 Nc6 9. Bd3 e6 10. Ne2 Be7 11. O-O O-O 12. Na3 a6 13. Qd2 b5 14. Nc2 Nc4 15.
Bxc4 bxc4 16. Ne3 Na5 17. Rfd1 d6 18. Nd4 Rb8 19. Rab1 Bd7 20. b4 cxb3 21. axb3
Nc6 22. Nxc6 Bxc6 23. Nc4 d5 24. Bg3 Qa7+ 25. Bf2 Qc7 26. Bg3 Qa7+ 27. Bf2 Bc5
28. Ne5 Ba8 29. b4 Bxf2+ 30. Qxf2 Qc7 31. Qd4 dxe4 32. Qc5 Rfc8 33. Nd7 Qxc5+
34. bxc5 Rxb1 35. Rxb1 exf3 36. gxf3 Bc6 37. Nb6 Rd8 38. Ra1 Bb7 39. Nc4 Bxf3
40. Rxa6 Bd5 41. Nd6 f5 42. Kf2 f4 43. c4 Bh1 44. Ra1 Ba8 45. Re1 g5 46. Rxe6
Kg7 47. Re7+ Kg6 48. Re6+ Kh5 49. Re7 h6 50. Re6 Rb8 51. Nb5 g4 52. c6 Kg5 53.
c7 Rc8 54. Rb6 Be4 55. Rb8 Bf5 56. Rxc8 Bxc8 57. Nd6 Be6 58. c8=Q Bxc8 59. Nxc8
Kf5 60. Nb6 Ke5 61. Nd5 g3+ 62. hxg3 fxg3+ 63. Kxg3 Kd4 64. Kh4 Kxc4 65. Ne3+ 1/2-1/2

[Event "European Blitz 2015"]
[Site "Minsk BLR"]
[Date "2015.12.18"]
[Round "12.20"]
[White "Trifonov, Denis"]
[Black "Rozum, Ivan"]
[Result "0-1"]
[WhiteTitle "FM"]
[BlackTitle "GM"]
[WhiteElo "2198"]
[BlackElo "2559"]
[WhiteFideId "13501313"]
[BlackFideId "24104272"]
[EventDate "2015.12.18"]
[EventType "swiss (blitz)"]

1. d4 Nf6 2. Bg5 e6 3. e4 h6 4. Bxf6 Qxf6 5. Qd2 g6 6. f4 Bg7 7. Nf3 d6 8. Nc3
Qe7 9. O-O-O Nd7 10. g4 a6 11. d5 Nb6 12. dxe6 Bxe6 13. Nd5 Bxd5 14. exd5 O-O-O
15. Nd4 Rhe8 16. Bg2 Nc4 17. Qd3 Qe3+ 18. Kb1 Qxd3 19. Rxd3 Re3 20. Rhd1 Rde8
21. c3 Rxd3 22. Rxd3 Re1+ 23. Kc2 Ne3+ 24. Kd2 Nxg2 25. Rg3 Bxd4 26. Rxg2 Rg1 0-1

[Event "European Blitz 2015"]
[Site "Minsk BLR"]
[Date "2015.12.18"]
[Round "12.21"]
[White "Roiz, Michael"]
[Black "Bulanov, Dmitri"]
[Result "0-1"]
[WhiteTitle "GM"]
[BlackTitle "FM"]
[WhiteElo "2594"]
[BlackElo "2369"]
[WhiteFideId "2804158"]
[BlackFideId "13506382"]
[EventDate "2015.12.18"]
[EventType "swiss (blitz)"]

1. Nf3 f5 2. d3 g6 3. e4 d6 4. Nc3 Nf6 5. exf5 Bxf5 6. d4 Bg7 7. Bd3 Qd7 8. O-O
O-O 9. Re1 Nc6 10. Bxf5 Qxf5 11. d5 Nb4 12. Nd4 Qh5 13. a3 Nbxd5 14. Qxh5 gxh5
15. Nxd5 Nxd5 16. Ne6 Rf7 17. Rb1 Bf6 18. c4 Nb6 19. b3 c6 20. Bb2 Rc8 21. Bxf6
Rxf6 22. Re3 Nd7 23. Rbe1 Ne5 24. Nd4 Ng6 25. Ne2 h4 26. Nc3 Rcf8 27. Ne4 Re6
28. Ng5 Rxe3 29. Rxe3 Rf5 30. Nf3 Ra5 31. b4 Ra4 32. g3 hxg3 33. hxg3 a5 34. Rb3
axb4 35. axb4 Ra2 36. b5 c5 37. Kf1 Rc2 38. Ra3 Rxc4 39. Ra7 b6 40. Rb7 Rb4 41.
Rxb6 c4 42. Ke2 Rb2+ 43. Ke3 Rb3+ 44. Ke2 d5 45. Rb8+ Kf7 46. b6 e5 47. b7 d4
48. Ng5+ Kg7 49. Ne6+ Kf6 50. Nc5 Rb2+ 51. Kd1 c3 52. Rc8 d3 53. b8=Q c2+ 54.
Ke1 0-1

[Event "European Blitz 2015"]
[Site "Minsk BLR"]
[Date "2015.12.18"]
[Round "12.22"]
[White "Ubiennykh, Ekaterina"]
[Black "Kovalenko, Igor"]
[Result "0-1"]
[WhiteTitle "WIM"]
[BlackTitle "GM"]
[WhiteElo "2283"]
[BlackElo "2680"]
[WhiteFideId "4137582"]
[BlackFideId "14117908"]
[EventDate "2015.12.18"]
[EventType "swiss (blitz)"]

1. d4 Nf6 2. c4 e6 3. Nc3 Bb4 4. Qc2 b6 5. a3 Bxc3+ 6. Qxc3 Bb7 7. Nf3 d6 8. e3
Nbd7 9. Be2 Ne4 10. Qc2 f5 11. O-O Qe7 12. Ne1 g5 13. Bh5+ Kd8 14. Be2 g4 15.
Nd3 Nf8 16. Nf4 Ng6 17. b4 Rg8 18. Rd1 Ng5 19. d5 e5 20. Nd3 Nh4 21. Ne1 e4 22.
Bb2 Rg6 23. Qc3 Ke8 24. c5 Kf7 25. cxd6 cxd6 26. Rac1 Rc8 27. Qd4 Nhf3+ 28. Bxf3
gxf3 29. Rxc8 Bxc8 30. Rc1 fxg2 31. Nxg2 Nf3+ 32. Kf1 Ba6+ 0-1

[Event "European Blitz 2015"]
[Site "Minsk BLR"]
[Date "2015.12.18"]
[Round "12.23"]
[White "Nagibin, George"]
[Black "Bocharov, Dmitry"]
[Result "0-1"]
[WhiteTitle "IM"]
[BlackTitle "GM"]
[WhiteElo "2402"]
[BlackElo "2558"]
[WhiteFideId "4158164"]
[BlackFideId "4138716"]
[EventDate "2015.12.18"]
[EventType "swiss (blitz)"]

1. d4 Nf6 2. Nf3 e6 3. Bg5 h6 4. Bh4 d6 5. Nbd2 g5 6. Bg3 Nh5 7. e4 Bg7 8. c3
Nd7 9. Bc4 a6 10. a4 b6 11. Qb3 Qe7 12. O-O-O O-O 13. Nf1 Bb7 14. Bd3 c5 15. h4
g4 16. N3h2 cxd4 17. cxd4 Ndf6 18. f3 gxf3 19. gxf3 b5 20. a5 Nxg3 21. Nxg3 Qc7+
22. Kb1 Qxa5 23. Rhg1 Kh8 24. d5 Nd7 25. Nh5 Nc5 26. Rxg7 Nxb3 27. e5 Qa1+ 28.
Kc2 Rac8+ 29. Kxb3 Qa4# 0-1

[Event "European Blitz 2015"]
[Site "Minsk BLR"]
[Date "2015.12.18"]
[Round "12.24"]
[White "Girya, Olga"]
[Black "Popov, Ivan RUS"]
[Result "0-1"]
[WhiteTitle "WGM"]
[BlackTitle "GM"]
[WhiteElo "2456"]
[BlackElo "2650"]
[WhiteFideId "4195752"]
[BlackFideId "4170350"]
[EventDate "2015.12.18"]
[EventType "swiss (blitz)"]

1. d4 Nf6 2. c4 b6 3. Nc3 Bb7 4. Qc2 d5 5. cxd5 Nxd5 6. Nf3 e6 7. e4 Nxc3 8.
bxc3 Be7 9. Bd3 O-O 10. O-O c5 11. Be3 cxd4 12. cxd4 Nc6 13. a3 Rc8 14. Qe2 Na5
15. Nd2 Rc3 16. d5 exd5 17. Bd4 Rc7 18. e5 Nc6 19. Nf3 Bc5 20. Bxc5 bxc5 21. Qc2
g6 22. Qxc5 Nxe5 23. Qe3 Nxf3+ 24. Qxf3 Qd6 25. Rfd1 Rd8 26. h3 d4 27. Qg4 Rc3
28. Rab1 Bc8 29. Qg5 Rxa3 30. Rb4 h6 31. Qd2 0-1

[Event "European Blitz 2015"]
[Site "Minsk BLR"]
[Date "2015.12.18"]
[Round "12.25"]
[White "Pustovoitova, Daria"]
[Black "Landa, Konstantin"]
[Result "0-1"]
[WhiteTitle "FM"]
[BlackTitle "GM"]
[WhiteElo "2356"]
[BlackElo "2625"]
[WhiteFideId "4182146"]
[BlackFideId "4101685"]
[EventDate "2015.12.18"]
[EventType "swiss (blitz)"]

1. d4 d5 2. c4 dxc4 3. e3 e5 4. Bxc4 exd4 5. exd4 Bd6 6. Nf3 Nf6 7. O-O O-O 8.
h3 h6 9. Nc3 Nc6 10. Be3 Bf5 11. a3 a6 12. Qd2 Ne4 13. Qe2 Re8 14. Rfe1 Qd7 15.
Bd5 Nf6 16. Ba2 Bxh3 17. gxh3 Qxh3 18. Bd5 Nxd5 19. Nxd5 Re4 20. Nf4 Bxf4 21.
Qf1 Qxf3 0-1

[Event "European Blitz 2015"]
[Site "Minsk BLR"]
[Date "2015.12.18"]
[Round "12.26"]
[White "Huzman, Alexander"]
[Black "Loginov, Valery A"]
[Result "1-0"]
[WhiteTitle "GM"]
[BlackTitle "GM"]
[WhiteElo "2581"]
[BlackElo "2486"]
[WhiteFideId "2803828"]
[BlackFideId "4126297"]
[EventDate "2015.12.18"]
[EventType "swiss (blitz)"]

1. Nf3 Nf6 2. c4 e6 3. g3 b6 4. Bg2 Bb7 5. O-O Be7 6. d4 d5 7. Qa4+ Qd7 8. Qxd7+
Nbxd7 9. cxd5 exd5 10. Nc3 a6 11. Bf4 c5 12. Rfd1 c4 13. a4 h6 14. Ne5 g5 15.
Nxd7 Kxd7 16. Be5 Ke6 17. Bh3+ g4 18. Bxf6 Bxf6 19. Bxg4+ Kd6 20. Bh5 Rhf8 21.
e3 Bc6 22. f3 Rae8 23. e4 dxe4 24. d5 Bd7 25. Nxe4+ Rxe4 26. fxe4 Bxb2 27. Rab1
c3 28. Rf1 Bxa4 29. Bxf7 Rxf7 30. Rxf7 c2 31. Re1 c1=Q 32. Rxc1 Bxc1 33. Kf2 Bb2
34. Ke3 b5 35. Ra7 Kc5 36. Rxa6 Bc1+ 37. Kd3 Bg5 38. h4 Bd8 39. Rc6+ Kb4 40. d6
Bb3 41. Rc8 Bf6 42. d7 Bc4+ 43. Kc2 Bb3+ 44. Kb1 Bc4 45. d8=Q Bxd8 46. Rxd8 1-0

[Event "European Blitz 2015"]
[Site "Minsk BLR"]
[Date "2015.12.18"]
[Round "12.27"]
[White "Romanov, Evgeny"]
[Black "Karpov, Vadim"]
[Result "1/2-1/2"]
[WhiteTitle "GM"]
[BlackTitle "IM"]
[WhiteElo "2590"]
[BlackElo "2377"]
[WhiteFideId "4148843"]
[BlackFideId "4155025"]
[EventDate "2015.12.18"]
[EventType "swiss (blitz)"]

1. d4 d5 2. Nf3 Nf6 3. c4 e6 4. Nc3 Be7 5. Bf4 O-O 6. Qc2 c5 7. dxc5 Bxc5 8. e3
Nc6 9. cxd5 exd5 10. Rd1 Bb6 11. Be2 h6 12. O-O Be6 13. Ne5 Rc8 14. Nxc6 Rxc6
15. Qa4 d4 16. Nb5 Nd5 17. Nxd4 Nxf4 18. Nxe6 Nxe2+ 19. Kh1 Rxe6 20. Rxd8 Rxd8
21. Qc2 Nd4 22. exd4 Rxd4 23. g3 Red6 24. Qc8+ Rd8 25. Qxb7 Rd2 26. b4 Rxa2 27.
Qe4 g6 28. Kg2 Rdd2 29. Qe8+ Kg7 30. Qe5+ Kh7 31. h4 Rxf2+ 32. Rxf2 Rxf2+ 33.
Kh3 Rf5 34. Qe7 h5 35. g4 hxg4+ 36. Kxg4 Kg7 37. Qe4 Rh5 38. Qd3 Rf5 39. Qc3+
Kg8 40. Qd3 Kg7 41. Qc3+ Kg8 42. Qd3 1/2-1/2

[Event "European Blitz 2015"]
[Site "Minsk BLR"]
[Date "2015.12.18"]
[Round "12.28"]
[White "Ambartsumova, Karina"]
[Black "Mikhalevski, Victor"]
[Result "1-0"]
[WhiteTitle "WGM"]
[BlackTitle "GM"]
[WhiteElo "2267"]
[BlackElo "2535"]
[WhiteFideId "4166299"]
[BlackFideId "2801914"]
[EventDate "2015.12.18"]
[EventType "swiss (blitz)"]

1. e4 e5 2. Nf3 Nc6 3. Bb5 a6 4. Ba4 g6 5. c3 Bg7 6. O-O Nge7 7. d4 exd4 8. cxd4
b5 9. Bb3 d6 10. d5 Na5 11. Bd2 Nxb3 12. Qxb3 O-O 13. Bc3 f5 14. Bxg7 Kxg7 15.
Nbd2 fxe4 16. Nxe4 Rf5 17. Nd4 Re5 18. Rfe1 Qg8 19. Nc3 Nf5 20. Nf3 Rxe1+ 21.
Rxe1 Qd8 22. Ne4 h6 23. Qc3+ Kf7 24. Rc1 Ra7 25. g4 Ng7 26. h3 Rb7 27. Qe3 g5
28. Re1 Bd7 29. Nd4 b4 30. Qf3+ Kg6 31. Kg2 a5 32. b3 a4 33. Ng3 Qf6 34. Qd3+
Kf7 35. Ne4 Qe5 36. Nf3 Qf4 37. Qc4 axb3 38. axb3 Bb5 39. Qd4 Rb8 40. Re3 Rb7
41. Nfd2 Kg8 42. Rf3 Qe5 43. Qe3 Rb8 44. Nf6+ Kh8 45. Nde4 Rf8 46. Qd2 Ba6 47.
Qxb4 Be2 48. Re3 Bd1 49. Qd2 Bxb3 50. Rxb3 Ne8 51. Re3 Nxf6 52. Nxf6 Qxf6 53.
Qe2 Qf7 54. Qd2 Qf4 55. Qc3+ Kg8 56. Qd2 Rf7 57. Re8+ Kg7 58. Re3 h5 59. Qc3+
Kh7 60. Qc2+ Kh6 61. gxh5 Kxh5 62. Qe2+ Kh6 63. Rf3 Qxf3+ 64. Qxf3 Rxf3 65. Kxf3
Kg6 66. Kg4 Kf6 67. f4 gxf4 68. Kxf4 Kg6 69. Kg4 Kf6 70. h4 Kg6 71. Kf4 Kh5 72.
Kf5 Kxh4 73. Ke6 Kg5 74. Kd7 Kf6 75. Kxc7 Ke7 76. Kc6 Ke8 77. Kxd6 Kd8 78. Ke6
Ke8 79. d6 Kd8 1-0